[Event "Oberliga Ost-B 1617"]
[Site "Germany"]
[Date "2017.04.23"]
[Round "9.8"]
[White "Zeuner, Ulrich"]
[Black "Goebel, Andreas"]
[Result "1/2-1/2"]
[WhiteElo "2073"]
[BlackElo "1980"]
[PlyCount "80"]
[EventDate "2016.10.16"]
[EventType "team-tourn"]
[EventRounds "11"]
[EventCountry "GER"]
[SourceTitle "EXT 2018"]
[Source "ChessBase"]
[SourceDate "2017.10.13"]
[SourceVersion "1"]
[SourceVersionDate "2017.10.13"]
[SourceQuality "1"]
[WhiteTeam "Erfurt Medizin"]
[BlackTeam "Frankfurt BvK"]
[WhiteTeamCountry "GER"]
[BlackTeamCountry "GER"]

1. e4 c6 2. d3 d5 3. Nd2 e5 4. Ngf3 Nd7 5. g3 Ngf6 6. Bg2 Bc5 7. 0-0 0-0 8. c3 Re8 9. Qc2 dxe4 10. dxe4 Nf8 11. b4 Bb6 12. Nc4 Bc7 13. a4 Ng6 14. Rd1 Qe7 15. Ne3 Be6 16. Ng5 Rad8 17. Nxe6 Qxe6 18. Bb2 Rxd1+ 19. Rxd1 Rd8 20. Rxd8+ Bxd8 21. c4 Qd7 22. h3 Bc7 23. c5 Nf8 24. Nc4 Ng6 25. Bc3 Ne8 26. Ne3 a6 27. h4 Kf8 28. Kh2 Ne7 29. Bh3 Qd8 30. Nc4 f6 31. Qe2 g6 32. Ne3 Ng7 33. Ng4 Ng8 34. b5 axb5 35. axb5 h5 36. Ne3 Ba5 37. Bxa5 Qxa5 38. bxc6 bxc6 39. Qc4 Qd2 40. Kg2 Ne7 1/2-1/2

[Event "Oberliga Ost-B 1617"]
[Site "Germany"]
[Date "2017.02.19"]
[Round "7.7"]
[White "Zeuner, Ulrich"]
[Black "Buerckner, Georg"]
[Result "1-0"]
[WhiteElo "2073"]
[BlackElo "2052"]
[PlyCount "107"]
[EventDate "2016.10.16"]
[EventType "team-tourn"]
[EventRounds "11"]
[EventCountry "GER"]
[SourceTitle "EXT 2018"]
[Source "ChessBase"]
[SourceDate "2017.10.13"]
[SourceVersion "1"]
[SourceVersionDate "2017.10.13"]
[SourceQuality "1"]
[WhiteTeam "Erfurt Medizin"]
[BlackTeam "Sangerhausen"]
[WhiteTeamCountry "GER"]
[BlackTeamCountry "GER"]

1. e4 e5 2. c4 Nf6 3. Nc3 d6 4. Nf3 Be7 5. g3 Bg4 6. h3 Bh5 7. Bg2 Nc6 8. d3 Qd7 9. Be3 0-0 10. g4 Bg6 11. Nh4 Rfe8 12. Ne2 Kh8 13. Ng3 Nd8 14. g5 Ng8 15. Nxg6+ fxg6 16. h4 Nf7 17. Bh3 Qd8 18. Be6 Rf8 19. Bxf7 Rxf7 20. h5 gxh5 21. g6 hxg6 22. Nxh5 Bg5 23. Nf6+ Bh6 24. Ng4 Qd7 25. Qe2 Nf6 26. Nxh6 gxh6 27. Rxh6+ Kg7 28. Rh4 Rh8 29. Rxh8 Kxh8 30. 0-0-0 Rh7 31. Rg1 Kg7 32. f4 exf4 33. Bxf4 Qe6 34. Qg2 Nd7 35. b3 Ne5 36. Bxe5+ dxe5 37. Rh1 Rxh1+ 38. Qxh1 Qg4 39. Kd2 Qf4+ 40. Kc3 Qe3 41. Qh4 g5 42. Qg4 a5 43. Qd7+ Kf6 44. Qf5+ Kg7 45. Qxe5+ Kh6 46. Qxc7 g4 47. Qd6+ Kh5 48. Qh2+ Qh3 49. Qe5+ Kh4 50. Qf4 Qf3 51. Qh6+ Kg3 52. e5 Qe2 53. Kd4 Kf2 54. Qh2+ 1-0

[Event "Oberliga Ost-B 0304"]
[Site "Germany"]
[Date "2004.03.07"]
[Round "8.7"]
[White "Zeuner, Ulrich"]
[Black "Becker, Wladimir"]
[Result "0-1"]
[WhiteElo "2079"]
[BlackElo "2160"]
[PlyCount "70"]
[EventDate "2003.11.02"]
[EventType "team-tourn"]
[EventRounds "11"]
[EventCountry "GER"]
[SourceTitle "EXT 2005"]
[Source "ChessBase"]
[SourceDate "2004.11.15"]
[SourceVersion "1"]
[SourceVersionDate "2004.11.15"]
[SourceQuality "1"]
[WhiteTeam "Erfurt Medizin"]
[BlackTeam "Dotzheim"]
[WhiteTeamCountry "GER"]
[BlackTeamCountry "GER"]

1. e4 e6 2. d3 d5 3. Nd2 Nf6 4. Ngf3 b6 5. exd5 exd5 6. Be2 Bd6 7. 0-0 0-0 8. c4 Bb7 9. Rb1 c5 10. Re1 Nbd7 11. Bf1 Qc7 12. a3 Rad8 13. cxd5 Ng4 14. g3 Bxd5 15. Ne4 Nde5 16. Nxe5 Nxe5 17. f4 Ng6 18. Qh5 Ne7 19. Bg2 Qc6 20. f5 f6 21. Qg4 Be5 22. h4 Qd7 23. Rf1 Bb3 24. Bh6 Rf7 25. Nd2 Qd4+ 26. Qxd4 Bxd4+ 27. Kh2 Bc2 28. Bf4 Bxd3 29. Ne4 Bxb1 30. Rxb1 Nxf5 31. Bf1 Re7 32. Bg2 Rde8 33. Nd2 Re2 34. Kh3 Ne3 35. Bc6 Re6 0-1

[Event "Oberliga Ost-B 0304"]
[Site "Germany"]
[Date "2003.11.23"]
[Round "3.7"]
[White "Seipp, Thorsten"]
[Black "Zeuner, Ulrich"]
[Result "1-0"]
[WhiteElo "2095"]
[BlackElo "2079"]
[PlyCount "86"]
[EventDate "2003.11.02"]
[EventType "team-tourn"]
[EventRounds "11"]
[EventCountry "GER"]
[SourceTitle "EXT 2005"]
[Source "ChessBase"]
[SourceDate "2004.11.15"]
[SourceVersion "1"]
[SourceVersionDate "2004.11.15"]
[SourceQuality "1"]
[WhiteTeam "Griesheim"]
[BlackTeam "Erfurt Medizin"]
[WhiteTeamCountry "GER"]
[BlackTeamCountry "GER"]

1. Nf3 f5 2. g3 Nf6 3. Bg2 g6 4. 0-0 Bg7 5. d4 0-0 6. b3 d6 7. Bb2 a5 8. a3 Na6 9. Nbd2 c6 10. Ne1 Qe8 11. Nd3 Nc7 12. Nc4 Ra6 13. b4 g5 14. e3 f4 15. exf4 gxf4 16. Nxf4 axb4 17. axb4 b5 18. Ne3 Bh6 19. Rxa6 Nxa6 20. Nd3 Bd7 21. f4 Nc7 22. Nf2 Ncd5 23. Nxd5 Nxd5 24. Qe1 Qf7 25. Bc1 Bg7 26. c3 Ra8 27. Ne4 h6 28. Bd2 Bf5 29. Nf2 Ra2 30. Be4 Bxe4 31. Nxe4 Qf5 32. Qb1 Ra4 33. Re1 Nxb4 34. cxb4 Bxd4+ 35. Nf2 Qf7 36. Qe4 Qc4 37. Qg6+ Kf8 38. Qxh6+ Ke8 39. Qh5+ Kd7 40. Qe2 Qf7 41. Be3 Ra2 42. Qd3 Bb2 43. Bd4 e5 1-0

[Event "Budapest FS08 Elo"]
[Site "Budapest"]
[Date "1999.??.??"]
[Round "9"]
[White "Hoenig, Alexander"]
[Black "Zeuner, Ulrich"]
[Result "1-0"]
[WhiteElo "2245"]
[BlackElo "2080"]
[PlyCount "111"]
[EventDate "1999.??.??"]
[EventType "tourn"]
[EventRounds "9"]
[EventCountry "HUN"]
[SourceTitle "EXT 2000"]
[Source "ChessBase"]
[SourceDate "1999.11.16"]
[SourceVersion "1"]
[SourceVersionDate "1999.11.16"]
[SourceQuality "1"]

1. d4 f5 2. Nf3 Nf6 3. g3 g6 4. Bg2 Bg7 5. c4 0-0 6. Nc3 d6 7. 0-0 Qe8 8. e4 e5 9. exf5 gxf5 10. dxe5 dxe5 11. Re1 e4 12. Nd4 Qf7 13. Qe2 Na6 14. Be3 Ng4 15. Nd5 Ne5 16. f3 c6 17. Nf4 Nxc4 18. fxe4 fxe4 19. Bxe4 Nxe3 20. Qxe3 Bg4 21. Nde6 Rfe8 22. Nxg7 Kxg7 23. Qd4+ Qf6 24. Qxf6+ Kxf6 25. Bxh7 Nc5 26. Bc2 Nd7 27. h3 Bf5 28. Rxe8 Rxe8 29. Nh5+ Kg5 30. Bxf5 Ne5 31. g4 Nf3+ 32. Kf2 Nd4 33. Ng3 Rh8 34. Rh1 Kh4 35. Rd1 c5 36. b4 b6 37. bxc5 bxc5 38. Ne4 Rf8 39. Ng3 Rb8 40. Rb1 Rd8 41. Rb7 Nxf5 42. Nxf5+ Kxh3 43. Kf3 Rd3+ 44. Kf4 Ra3 45. Rh7+ Kg2 46. g5 Ra4+ 47. Ke5 Kf3 48. g6 Re4+ 49. Kf6 Rb4 50. g7 Rb6+ 51. Kf7 Kf4 52. g8Q Ke5 53. Ne7 Rf6+ 54. Ke8 Kd6 55. Qd5+ Kc7 56. Nc8+ 1-0

[Event "Oberliga Ost-A 9899"]
[Site "Germany"]
[Date "1999.??.??"]
[Round "?"]
[White "Zeuner, Ulrich"]
[Black "Prochnow, Mario"]
[Result "0-1"]
[WhiteElo "2100"]
[BlackElo "2230"]
[PlyCount "110"]
[EventDate "1998.10.??"]
[EventType "team"]
[EventRounds "11"]
[EventCountry "GER"]
[SourceTitle "EXT 2000"]
[Source "ChessBase"]
[SourceDate "1999.11.16"]
[SourceVersion "1"]
[SourceVersionDate "1999.11.16"]
[SourceQuality "1"]

1. e4 c5 2. d4 cxd4 3. c3 dxc3 4. Nxc3 Nc6 5. Nf3 e6 6. Bc4 Qc7 7. Qe2 Nf6 8. e5 Ng4 9. Bf4 f6 10. Nd5 Qa5+ 11. Bd2 Qd8 12. exf6 Nxf6 13. Nxf6+ Qxf6 14. 0-0 Bb4 15. Bg5 Nd4 16. Nxd4 Qxg5 17. Bd3 0-0 18. Qe4 Qh6 19. Nxe6 Bd6 20. Qxh7+ Qxh7 21. Bxh7+ Kxh7 22. Nxf8+ Bxf8 23. Rac1 d5 24. Rfd1 Be6 25. Re1 Bd7 26. Re5 Bc6 27. a3 Rd8 28. Rc3 Bd6 29. Rh5+ Kg6 30. Rh4 Be5 31. Rc2 Bf6 32. Rg4+ Kf5 33. h3 d4 34. Rd2 Bb5 35. Rc2 Rd5 36. g3 g5 37. Rd2 Ke5 38. f3 Kd6 39. Re4 a5 40. Kf2 a4 41. h4 gxh4 42. gxh4 Kc5 43. Rf4 Be5 44. Rf7 d3 45. Rxb7 Bd4+ 46. Ke1 Be3 47. Rc7+ Kd6 48. Rg7 Rc5 49. Rg6+ Ke5 50. Rg5+ Bxg5 51. hxg5 Kf4 52. Kd1 Rxg5 53. Rf2 Ke3 54. Rf1 d2 55. Rh1 Be2+ 0-1

[Event "Oberliga Ost-C 9596"]
[Site "Germany"]
[Date "1996.??.??"]
[Round "?"]
[White "Rohs, Peter"]
[Black "Zeuner, Ulrich"]
[Result "1/2-1/2"]
[WhiteElo "2020"]
[BlackElo "2130"]
[PlyCount "112"]
[EventDate "1995.10.??"]
[EventType "team"]
[EventRounds "9"]
[EventCountry "GER"]
[SourceTitle "EXT 1998"]
[Source "ChessBase"]
[SourceDate "1997.11.17"]
[SourceVersion "1"]
[SourceVersionDate "1997.11.17"]
[SourceQuality "1"]

1. e4 e5 2. Nf3 Nc6 3. Bb5 a6 4. Ba4 Nf6 5. 0-0 Be7 6. Qe2 b5 7. Bb3 0-0 8. c3 d5 9. d3 Bg4 10. h3 Bh5 11. Bg5 Na5 12. Bxf6 Bxf6 13. Bxd5 c6 14. Bb3 Re8 15. Bc2 Qd7 16. a4 Nb7 17. axb5 cxb5 18. Bb3 Nc5 19. Bd5 Rad8 20. Na3 Ne6 21. Bxe6 Rxe6 22. g4 Bg6 23. Rfd1 Rd6 24. Ne1 Be7 25. Nac2 h5 26. Ne3 hxg4 27. hxg4 Bh7 28. Nd5 Bg5 29. Ng2 f5 30. gxf5 Bxf5 31. Qh5 Bh6 32. Qxf5 Rxd5 33. Qxd7 R5xd7 34. Rxa6 Rxd3 35. Rxd3 Rxd3 36. Rb6 Rd1+ 37. Kh2 Rd2 38. Rxb5 Rxf2 39. Kg3 Rc2 40. Kf3 Bc1 41. Ne3 Rxb2 42. Rxe5 Rh2 43. Nd5 Bb2 44. Re8+ Kf7 45. Rc8 Rc2 46. Rc6 Rc1 47. Kf4 Rf1+ 48. Ke5 g5 49. Ne3 Rf3 50. Kd4 Bc1 51. Ng4 Rf1 52. Nh6+ Ke7 53. Nf5+ Kf7 54. Kd5 Rd1+ 55. Nd4 g4 56. Rc7+ Kg6 1/2-1/2